Drake and Josh Characters - Statistics

General Stats
  • This quiz has been taken 1,065 times
  • The average score is 7 of 10
Answer Stats
Hint Answer % Correct
one of the title character Drake
100%
the other title character josh
99%
evil sister megan
97%
crazy guy that works with josh crazy steve
76%
josh's boss Helen
74%
josh's on/off girlfriend mindy
73%
dad Walter
65%
nerds Craig and Eric
51%
mum Audrey
41%
Josh's co-worker that has a crush on audrey Gavin
26%
No matching quizzes found
Score Distribution
Percent of People with Each Score
Percentile by Number Answered
Your Score History
You have not taken this quiz